Rapaces de España - Estadísticas

Estadísticas generales
  • Esta prueba ha sido intentada 74 veces
  • La puntuación promedio es 18 de 38
Estadísticas de respuestas
Imagen Respuesta % Correcto
Lechuza Común
86%
Águila Real
82%
Buitre Leonado
81%
Águila Imperial Ibérica
79%
Búho Real
79%
Quebrantahuesos
77%
Buitre Negro
72%
Halcón Peregrino
72%
Cernícalo Vulgar
65%
Mochuelo Europeo
63%
Águila Pescadora
61%
Alimoche Común
61%
Azor
60%
Busardo Ratonero
58%
Milano Real
56%
Águila Culebrera
51%
Gavilán Común
51%
Autillo
49%
Cernícalo Primilla
49%
Águila Calzada
47%
Milano Negro
47%
Águila Perdicera
46%
Búho Chico
46%
Cárabo Común
46%
Aguilucho Lagunero
42%
Aguilucho Cenizo
39%
Abejero Europeo
32%
Alcotán
32%
Búho Campestre
28%
Esmerejón
26%
Elanio Común
25%
Halcón de Eleonora
25%
Cernícalo Patirrojo
16%
Buitre Moteado
14%
Mochuelo Boreal
14%
Aguilucho Papialbo
12%
Halcón Borní
11%
Busardo Moro
9%
No se encontraron pruebas coincidentes
Distribución de puntuación
Porcentaje de gente con cada puntuación
Porcentaje por número respondido
Historial de tus puntuaciones
No has intentado esta prueba.